000 00561nam a2200169Ia 4500
008 090711s9999 xx 000 0 und d
082 _b493
100 _aवरखेडकर व. शा.
245 _aध्येयाSाा ध्यास
260 _bनारायण छापखाना
_c1942
300 _a120
600 _aवरखेडकर व. शा.
630 _aध्येयाSाा ध्यास
700 _aवरखेडकर व. शा.
730 _aध्येयाSाा ध्यास
942 _cBOOK
999 _c300561
_d300561